El laberinto de los acertijos

Shranjeno v:
Bibliografske podrobnosti
Main Authors: Wilfert, Stefan (Author), Mewes, Chris (Author)
Format: Knjiga
Jezik:španščina
Izdano: Bogotá Norma 2004
Izdaja:1a. ed
Serija:Torre de Papel
Teme:
Oznake: Označite
Brez oznak, prvi označite!

MARC

LEADER 00000nam a2200000 a 4500
001 UCH8485
003 CL-VaPUC
008 091127e20040900CK |||||||||||||||||spa|d
020 |a 9580481725 
082 0 4 |a 833.91  |b WIL  |2 21 
100 0 |a Wilfert, Stefan  |e author  |9 545063 
700 0 |a Mewes, Chris  |e author  |9 545064 
245 1 3 |a El laberinto de los acertijos 
250 |a 1a. ed 
300 |a 145 p 
942 |c BK 
945 |d 20091127 00:00:00  |a lazolas 
260 |a Bogotá  |b Norma  |c 2004 
500 |a La presente edición es una traducción de Lucía Borrero 
500 |a Ilustraciones de Rafael Yockteng 
650 7 |a CUENTOS ALEMANES  |2 CL-VaPUC  |9 269122 
650 0 |a Acertijos  |9 309135 
650 0 |a Adivinanzas  |9 456588 
650 0 |a Cuentos juveniles  |9 542856 
583 |a last modification  |c 20091127 00:00:00  |k Rodrigo Vera 
490 0 |a Torre de Papel 
999 |c 338697  |d 338695